Vysporiadanie zamestnaneckých príjmov po skončení roka
Po skončení kalendárneho roka majú zamestnanci povinnosť vysporiadať svoju daňovú povinnosť k dani z príjmov. Jednou z možností je požiadať zamestnávateľa o vykonanie ročného zúčtovania preddavkov na daň z príjmov zo závislej činnosti, ak sú pre jeho vykonanie splnené podmienky. Ak nebudú mať príjmy...
Salvato in:
| Autore principale: | |
|---|---|
| Natura: | Capitolo di libro |
| Lingua: | slovacco |
| Soggetti: | |
| Tags: |
Nessun Tag, puoi essere il primo ad aggiungerne!!
|
MARC
| LEADER | 00000naa a2200000 4500 | ||
|---|---|---|---|
| 001 | 0313189 | ||
| 005 | 20251114090453.2 | ||
| 041 | 0 | |a slo | |
| 044 | |a SK | ||
| 245 | 1 | 0 | |a Vysporiadanie zamestnaneckých príjmov po skončení roka |c Ivana Valterová |
| 520 | |a Po skončení kalendárneho roka majú zamestnanci povinnosť vysporiadať svoju daňovú povinnosť k dani z príjmov. Jednou z možností je požiadať zamestnávateľa o vykonanie ročného zúčtovania preddavkov na daň z príjmov zo závislej činnosti, ak sú pre jeho vykonanie splnené podmienky. Ak nebudú mať príjmy daňovo vysporiadané týmto spôsobom, musia podať v zákonnej lehote daňové priznanie. | ||
| 610 | 2 | 0 | |a povinnosť daňová |
| 610 | 2 | 0 | |a dane z príjmov |
| 610 | 2 | 0 | |a zamestnanci |
| 610 | 2 | 0 | |a zúčtovanie |
| 610 | 2 | 0 | |a preddavky |
| 610 | 2 | 0 | |a priznania daňové |
| 100 | 1 | |a Valterová, Ivana | |